Türkiye İlçeler - Statistics

General Stats
  • This quiz has been taken 88 times
  • The average score is 142 of 973
Answers on the Map
Answers color-coded by a green-red scale on the quiz's map according to % correct below.
 
Answer Stats
İLÇE % Correct
Kaş
73%
Bor
70%
Çan
70%
Beşi̇ktaş
68%
Kadiköy
66%
Kars
66%
Alanya
64%
Muş
61%
Çay
59%
Bodrum
57%
Bornova
57%
Gebze
57%
Polatli
57%
Bandirma
55%
Büyükçekmece
55%
Çarşamba
55%
Fati̇h
55%
Küçükçekmece
55%
Of
55%
Ceyhan
52%
Seyhan
52%
Adalar
50%
Çankaya
50%
Ereğli̇
50%
Pazar
50%
Si̇li̇vri̇
50%
Yüksekova
50%
Antakya
48%
Çat
48%
Çeşme
48%
Hakkari
48%
Iğdir
48%
Karşiyaka
48%
Konyaalti
48%
Osmangazi̇
48%
Perşembe
48%
Sariyer
48%
Selçuk
48%
Şi̇le
48%
Si̇verek
48%
Sur
48%
Ağri
45%
Başakşehi̇r
45%
Elbi̇stan
45%
Fethi̇ye
45%
İskenderun
45%
Pendi̇k
45%
Üsküdar
45%
Avcilar
43%
Keçi̇ören
43%
Manavgat
43%
Sinop
43%
Ümrani̇ye
43%
Adapazari
41%
Arnavutköy
41%
Ayvalik
41%
Bolu
41%
Çukurova
41%
Gemli̇k
41%
Kuşadasi
41%
Marmari̇s
41%
Mut
41%
Yalova
41%
Beykoz
39%
Çorlu
39%
Di̇di̇m
39%
Dörtyol
39%
Esenyurt
39%
Eti̇mesgut
39%
Geli̇bolu
39%
Hopa
39%
Kemer
39%
Konak
39%
Orhangazi̇
39%
Tuzla
39%
Ardahan
36%
Ci̇zre
36%
Edremi̇t
36%
İzmi̇t
36%
Kartal
36%
Keşan
36%
Kilis
36%
Marmara
36%
Mustafakemalpaşa
36%
Si̇li̇fke
36%
Şi̇şli̇
36%
Tarsus
36%
Ti̇re
36%
Akhi̇sar
34%
Bahçe
34%
Batman
34%
Bergama
34%
Bi̇ga
34%
Bitlis
34%
Haymana
34%
Karaman
34%
Menemen
34%
Mi̇dyat
34%
Nusaybi̇n
34%
Rize
34%
Si̇ncan
34%
Sultanbeyli̇
34%
Tokat
34%
Turgutlu
34%
Adiyaman
32%
Aksaray
32%
Amasra
32%
Anamur
32%
Artvin
32%
Bağcilar
32%
Bartin
32%
Beyli̇kdüzü
32%
Buca
32%
Burdur
32%
Çatalca
32%
Edirne
32%
Erdek
32%
Esenler
32%
Gölbaşi
32%
İnegöl
32%
Kirşehir
32%
Nazi̇lli̇
32%
Nevşehir
32%
Ödemi̇ş
32%
Oltu
32%
Osmaniye
32%
Safranbolu
32%
Sali̇hli̇
32%
Soma
32%
Ulus
32%
Akçaabat
30%
Alaca
30%
Atakum
30%
Ataşehi̇r
30%
Bayburt
30%
Beyoğlu
30%
Beypazari
30%
Çinar
30%
Düzce
30%
Eyüpsultan
30%
Gümüşhane
30%
Karabük
30%
Kemalpaşa
30%
Kulu
30%
Lüleburgaz
30%
Meram
30%
Mudanya
30%
Şahi̇nbey
30%
Sultangazi̇
30%
Urla
30%
Akşehi̇r
27%
Bafra
27%
Beyşehi̇r
27%
Bilecik
27%
Bingöl
27%
Çayeli̇
27%
Ci̇hanbeyli̇
27%
Datça
27%
Erzi̇n
27%
Gazi̇ Osmanpaşa
27%
Güngören
27%
Isparta
27%
Kirklareli
27%
Kizilcahamam
27%
Kütahya
27%
Maçka
27%
Malazgi̇rt
27%
Maltepe
27%
Menderes
27%
Orta
27%
Pamukkale
27%
Samandağ
27%
Şehi̇tkami̇l
27%
Seri̇k
27%
Şirnak
27%
Susurluk
27%
Tatvan
27%
Zonguldak
27%
Amasya
25%
Bakirköy
25%
Bozcaada
25%
Çankiri
25%
Çekmeköy
25%
Efeler
25%
Elmali
25%
Foça
25%
Genç
25%
İzni̇k
25%
Kağithane
25%
Kale
25%
Karacabey
25%
Kastamonu
25%
Kirikkale
25%
Mamak
25%
Marmara Ereğli̇si̇
25%
Ni̇ksar
25%
Ni̇lüfer
25%
Patnos
25%
Söke
25%
Sürmene
25%
Uşak
25%
Yeni̇şehi̇r
25%
Yozgat
25%
Zeyti̇nburnu
25%
19 Mayis
23%
Ali̇ağa
23%
Altindağ
23%
Çanakkale
23%
Çorum
23%
Çukurca
23%
Di̇cle
23%
Erbaa
23%
Erci̇ş
23%
Fatsa
23%
Gökçeada
23%
Merzi̇fon
23%
Mi̇las
23%
Muratpaşa
23%
Odunpazari
23%
Reyhanli
23%
Selçuklu
23%
Şerefli̇koçhi̇sar
23%
Seydi̇şehi̇r
23%
Si̇lopi̇
23%
Si̇vri̇hi̇sar
23%
Tunceli
23%
Ünye
23%
Yumurtalik
23%
Yunusemre
23%
Yüreği̇r
23%
Afyonkarahisar
20%
Ahmetli̇
20%
Alaşehi̇r
20%
Armutlu
20%
Bi̇reci̇k
20%
Çi̇ğli̇
20%
Çinarcik
20%
Elaziğ
20%
Gerede
20%
Giresun
20%
Han
20%
İpsala
20%
Kahramankazan
20%
Karaburun
20%
Karesi̇
20%
Ki̇raz
20%
Kiziltepe
20%
Korkut
20%
Korkuteli̇
20%
Kozan
20%
Kula
20%
Niğde
20%
Pazarcik
20%
Seferi̇hi̇sar
20%
Siirt
20%
Torbali
20%
Akyazi
18%
Altinordu
18%
Ayvacik
18%
Bahçeli̇evler
18%
Bala
18%
Bi̇gadi̇ç
18%
Bozüyük
18%
Çal
18%
Eği̇rdi̇r
18%
Evren
18%
Ezi̇ne
18%
Fi̇ni̇ke
18%
Halfeti̇
18%
Harran
18%
Hinis
18%
Kangal
18%
Karabağlar
18%
Karaköprü
18%
Karasu
18%
Karpuzlu
18%
Kemali̇ye
18%
Kepez
18%
Kinik
18%
Kocaali̇
18%
Kumlu
18%
Menteşe
18%
Pasi̇nler
18%
Refahi̇ye
18%
Sapanca
18%
Saray
18%
Sariçam
18%
Şebi̇nkarahi̇sar
18%
Şehzadeler
18%
Sindirgi
18%
Söğüt
18%
Tavşanli
18%
Tosya
18%
Yeni̇mahalle
18%
Ahlat
16%
Akdeni̇z
16%
Aksu
16%
Aladağ
16%
Altieylül
16%
Arakli
16%
Balçova
16%
Bayrampaşa
16%
Boyabat
16%
Çamlihemşi̇n
16%
Ceylanpinar
16%
Dalaman
16%
Defne
16%
Demi̇rci̇
16%
Demre
16%
Devrek
16%
Di̇ki̇li̇
16%
Erdemli̇
16%
Erzincan
16%
Gazi̇emi̇r
16%
Gölcük
16%
Gönen
16%
Hendek
16%
İlkadim
16%
Kadi̇rli̇
16%
Kâhta
16%
Kandira
16%
Karataş
16%
Karatay
16%
Kozlu
16%
Kumluca
16%
Manyas
16%
Ni̇zi̇p
16%
Payas
16%
Pinarbaşi
16%
Pursaklar
16%
Reşadi̇ye
16%
Sancaktepe
16%
Şemdi̇nli̇
16%
Si̇mav
16%
Sivas
16%
Suruç
16%
Suşehri̇
16%
Ti̇rebolu
16%
Yildirim
16%
Zara
16%
Akçakale
14%
Akseki̇
14%
Aralik
14%
Artuklu
14%
Babaeski̇
14%
Bağlar
14%
Battalgazi̇
14%
Bayrakli
14%
Borçka
14%
Bozkir
14%
Burhani̇ye
14%
Çamlidere
14%
Çaykara
14%
Çelti̇k
14%
Çemi̇şgezek
14%
Çubuk
14%
Deri̇nce
14%
Di̇lovasi
14%
Doğanşehi̇r
14%
Enez
14%
Eyyübi̇ye
14%
Görele
14%
Gürsu
14%
Hasankeyf
14%
Havza
14%
Horasan
14%
İmamoğlu
14%
İnönü
14%
İslahi̇ye
14%
Karapinar
14%
Kirkağaç
14%
Mengen
14%
Muradi̇ye
14%
Nallihan
14%
Olur
14%
Sarikamiş
14%
Saruhanli
14%
Şavşat
14%
Serdi̇van
14%
Suluova
14%
Taşkent
14%
Tufanbeyli̇
14%
Turhal
14%
Ürgüp
14%
Vi̇ranşehi̇r
14%
Yakuti̇ye
14%
Yeni̇pazar
14%
Yildizeli̇
14%
Yusufeli̇
14%
Adi̇lcevaz
11%
Afşi̇n
11%
Altinova
11%
Arhavi̇
11%
Ayaş
11%
Başkale
11%
Beşi̇ri̇
11%
Beydağ
11%
Çaycuma
11%
Çerkezköy
11%
Ci̇de
11%
Çi̇ne
11%
Deri̇k
11%
Di̇nar
11%
Doğubayazit
11%
Döşemealti
11%
Eceabat
11%
Elmadağ
11%
Ergani̇
11%
Eruh
11%
Eski̇l
11%
Feke
11%
Gazi̇paşa
11%
Geyve
11%
Gördes
11%
Güney
11%
Gürün
11%
Hali̇li̇ye
11%
Hemşi̇n
11%
Hi̇lvan
11%
İli̇ç
11%
Kağizman
11%
Karai̇sali
11%
Karamürsel
11%
Karliova
11%
Kavak
11%
Kaynarca
11%
Kazimkarabeki̇r
11%
Kelki̇t
11%
Kestel
11%
Kirikhan
11%
Kizilirmak
11%
Köprübaşi
11%
Kulp
11%
Lâpseki̇
11%
Li̇ce
11%
Malkara
11%
Mazgi̇rt
11%
Mudurnu
11%
Mutki̇
11%
Ömerli̇
11%
Oni̇ki̇ Şubat
11%
Orhaneli̇
11%
Ortahi̇sar
11%
Ortaköy
11%
Osmancik
11%
Pozanti
11%
Şalpazari
11%
Sarigöl
11%
Şarköy
11%
Süleymanpaşa
11%
Susuz
11%
Tepebaşi
11%
Tercan
11%
Terme
11%
Toroslar
11%
Tut
11%
Ula
11%
Vakfikebi̇r
11%
Yomra
11%
Zi̇le
11%
Akyurt
9%
Almus
9%
Arapgi̇r
9%
Ardeşen
9%
Ari̇fi̇ye
9%
Arsuz
9%
Aşkale
9%
Azdavay
9%
Bayindir
9%
Besni̇
9%
Bi̇smi̇l
9%
Bolvadi̇n
9%
Bozkurt
9%
Bozova
9%
Bulancak
9%
Çamoluk
9%
Çerkeş
9%
Çermi̇k
9%
Çi̇ftli̇k
9%
Çi̇ftli̇kköy
9%
Çildir
9%
Darende
9%
Darica
9%
Di̇gor
9%
Di̇vri̇ği̇
9%
Doğanşar
9%
Dursunbey
9%
Emi̇rdağ
9%
Emi̇rgazi̇
9%
Erenler
9%
Ergene
9%
Ermenek
9%
Eşme
9%
Findikli
9%
Germenci̇k
9%
Gerze
9%
Gölmarmara
9%
Göynük
9%
Güdül
9%
Güzelbahçe
9%
Hadi̇m
9%
Harmancik
9%
Hazro
9%
İbradi
9%
İdi̇l
9%
İmranli
9%
İnci̇rli̇ova
9%
İspi̇r
9%
İvri̇ndi̇
9%
Kalkandere
9%
Karayazi
9%
Kargi
9%
Kayapinar
9%
Koçarli
9%
Körfez
9%
Kozluk
9%
Ladi̇k
9%
Lalapaşa
9%
Maden
9%
Mazidaği
9%
Meli̇kgazi̇
9%
Mesudi̇ye
9%
Narlidere
9%
Nurdaği
9%
Ovacik
9%
Palandöken
9%
Pütürge
9%
Sai̇mbeyli̇
9%
Sandikli
9%
Sarkişla
9%
Sason
9%
Savaştepe
9%
Selendi̇
9%
Şenkaya
9%
Solhan
9%
Sorgun
9%
Sungurlu
9%
Taşköprü
9%
Taşova
9%
Termal
9%
Tonya
9%
Tuşba
9%
Tuzluca
9%
Varto
9%
Vi̇ze
9%
Yalvaç
9%
Yayladaği
9%
Yeni̇ce
9%
Acipayam
7%
Ağin
7%
Ağlasun
7%
Akçadağ
7%
Akçakoca
7%
Akkuş
7%
Akyaka
7%
Altineki̇n
7%
Arsi̇n
7%
Ayancik
7%
Aydintepe
7%
Ayranci
7%
Azi̇zi̇ye
7%
Balya
7%
Beşi̇kdüzü
7%
Buharkent
7%
Buldan
7%
Büyükorhan
7%
Çaldiran
7%
Cani̇k
7%
Çatak
7%
Çatalpinar
7%
Çumra
7%
Çüngüş
7%
Damal
7%
Dargeçi̇t
7%
Demi̇rözü
7%
Devrekâni̇
7%
Domani̇ç
7%
Elbeyli̇
7%
Feri̇zli̇
7%
Gerger
7%
Göksun
7%
Göle
7%
Gölköy
7%
Gömeç
7%
Güce
7%
Gümüşhaciköy
7%
Gündoğmuş
7%
Güneysinir
7%
Gürpinar
7%
Güzelyurt
7%
Hafi̇k
7%
Halkapinar
7%
Havran
7%
Heki̇mhan
7%
Hi̇zan
7%
İki̇zdere
7%
Ilgaz
7%
İski̇li̇p
7%
İyi̇dere
7%
Kaleci̇k
7%
Karacasu
7%
Karaçoban
7%
Karapürçek
7%
Karkamiş
7%
Keban
7%
Keles
7%
Kemah
7%
Kepsut
7%
Kofçaz
7%
Korgan
7%
Köse
7%
Kumru
7%
Kurucaşi̇le
7%
Mezi̇tli̇
7%
Muratli
7%
Osmaneli̇
7%
Pamukova
7%
Pazaryeri̇
7%
Pazaryolu
7%
Pervari̇
7%
Sarayönü
7%
Şarki̇karaağaç
7%
Savur
7%
Seben
7%
Seli̇m
7%
Si̇lvan
7%
Şuhut
7%
Sultanhani
7%
Sultanhi̇sar
7%
Tekkeköy
7%
Tekman
7%
Tortum
7%
Türkeli̇
7%
Türkoğlu
7%
Ulaş
7%
Üzümlü
7%
Uzunköprü
7%
Vezi̇rköprü
7%
Yavuzeli̇
7%
Yeşi̇lli̇
7%
Yeşi̇lova
7%
Yunak
7%
Abana
5%
Adakli
5%
Ağaçören
5%
Akincilar
5%
Akören
5%
Akpinar
5%
Alapli
5%
Altinözü
5%
Altinyayla
5%
Alucra
5%
Araç
5%
Ardanuç
5%
Arguvan
5%
Arpaçay
5%
Atabey
5%
Avanos
5%
Aybasti
5%
Başi̇skele
5%
Baski̇l
5%
Başmakçi
5%
Başyayla
5%
Bayat
5%
Bozdoğan
5%
Bucak
5%
Bünyan
5%
Çamaş
5%
Çamliyayla
5%
Çarşibaşi
5%
Çatalzeyti̇n
5%
Çayirova
5%
Çekerek
5%
Çi̇çekdaği
5%
Çi̇fteler
5%
Cumayeri̇
5%
Dazkiri
5%
Derbent
5%
Dereli̇
5%
Derepazari
5%
Develi̇
5%
Di̇yadi̇n
5%
Doğanhi̇sar
5%
Doğanyol
5%
Dörtdi̇van
5%
Dulkadi̇roğlu
5%
Düzi̇çi̇
5%
Düzköy
5%
Eleşki̇rt
5%
Eski̇pazar
5%
Espi̇ye
5%
Evci̇ler
5%
Gelendost
5%
Gemerek
5%
Gercüş
5%
Gökçebey
5%
Gölpazari
5%
Gölyaka
5%
Güçlükonak
5%
Gülyali
5%
Güneysu
5%
Günyüzü
5%
Gürgentepe
5%
Güroymak
5%
Hacibektaş
5%
Hanak
5%
Hani̇
5%
Hassa
5%
Havsa
5%
Hayrabolu
5%
Hayrat
5%
Hocalar
5%
Hozat
5%
İki̇zce
5%
Ilgin
5%
İnhi̇sar
5%
Kabataş
5%
Kadinhani
5%
Karamanli
5%
Kartepe
5%
Kavaklidere
5%
Keski̇n
5%
Ki̇ği
5%
Kizilören
5%
Köprüköy
5%
Köşk
5%
Kovancilar
5%
Köyceği̇z
5%
Koyulhi̇sar
5%
Kuluncak
5%
Küre
5%
Kurtalan
5%
Kürtün
5%
Kuyucak
5%
Meri̇ç
5%
Merkezefendi̇
5%
Nazimi̇ye
5%
Palu
5%
Pehli̇vanköy
5%
Pertek
5%
Pinarhi̇sar
5%
Pi̇razi̇z
5%
Posof
5%
Pülümür
5%
Salipazari
5%
Sariyahşi̇
5%
Seni̇rkent
5%
Seydi̇kemer
5%
Şi̇ran
5%
Söğütlü
5%
Süloğlu
5%
Sultandaği
5%
Tarakli
5%
Ulubey
5%
Uluborlu
5%
Yağlidere
5%
Yatağan
5%
Yedi̇su
5%
Yeşi̇lyurt
5%
Acigöl
2%
Ağli
2%
Ahirli
2%
Akdağmadeni̇
2%
Alaçam
2%
Altintaş
2%
Altunhi̇sar
2%
Asarcik
2%
Atkaracalar
2%
Aydincik
2%
Babadağ
2%
Bahşi̇li̇
2%
Balişeyh
2%
Banaz
2%
Bayrami̇ç
2%
Belen
2%
Beytüşşebap
2%
Boğazliyan
2%
Boztepe
2%
Bozyazi
2%
Çanakçi
2%
Çavdarhi̇sar
2%
Çavdir
2%
Çaybaşi
2%
Çayirli
2%
Çelebi̇
2%
Çeli̇khan
2%
Çelti̇kçi̇
2%
Çi̇vri̇l
2%
Çobanlar
2%
Deli̇ce
2%
Demi̇rköy
2%
Derebucak
2%
Dernekpazari
2%
Di̇kmen
2%
Dumlupinar
2%
Eflani̇
2%
Eği̇l
2%
Emet
2%
Erfelek
2%
Eynesi̇l
2%
Gedi̇z
2%
Gölhi̇sar
2%
Gölova
2%
Göynücek
2%
Gülağaç
2%
Gülnar
2%
Gümüşova
2%
Hamamözü
2%
Hamur
2%
Hasköy
2%
Hi̇sarcik
2%
Hüyük
2%
İhsani̇ye
2%
İnebolu
2%
İpekyolu
2%
İscehi̇sar
2%
Kabadüz
2%
Kadişehri̇
2%
Kaman
2%
Kapakli
2%
Karakeçi̇li̇
2%
Karakoçan
2%
Kaynaşli
2%
Keçi̇borlu
2%
Keşap
2%
Kibriscik
2%
Kocasi̇nan
2%
Korgun
2%
Kurşunlu
2%
Mahmudi̇ye
2%
Meci̇tözü
2%
Mi̇halgazi̇
2%
Mi̇haliççik
2%
Mucur
2%
Murgul
2%
Narman
2%
Oğuzeli̇
2%
Oğuzlar
2%
Ortaca
2%
Otlukbeli̇
2%
Pazarlar
2%
Samsat
2%
Saricakaya
2%
Sarikaya
2%
Sariveli̇ler
2%
Şefaatli̇
2%
Seyi̇tgazi̇
2%
Si̇nanpaşa
2%
Si̇nci̇k
2%
Şi̇rvan
2%
Si̇vasli
2%
Si̇vri̇ce
2%
Sulakyurt
2%
Sütçüler
2%
Talas
2%
Taşliçay
2%
Tavas
2%
Tefenni̇
2%
Tomarza
2%
Torul
2%
Tutak
2%
Tuzlukçu
2%
Uzundere
2%
Yahşi̇han
2%
Yahyali
2%
Yalihüyük
2%
Yayladere
2%
Yazihan
2%
Yeni̇çağa
2%
Yeni̇şarbademli̇
2%
Yeşi̇lhi̇sar
2%
Yiğilca
2%
Akçakent
0%
Akkişla
0%
Alacakaya
0%
Alpu
0%
Andirin
0%
Araban
0%
Aricak
0%
Artova
0%
Aslanapa
0%
Bahçesaray
0%
Baklan
0%
Başçi̇ftli̇k
0%
Baykan
0%
Bayramören
0%
Beki̇lli̇
0%
Beyağaç
0%
Beyli̇kova
0%
Boğazkale
0%
Bulanik
0%
Çağlayanceri̇t
0%
Çamardi
0%
Çameli̇
0%
Çandir
0%
Çardak
0%
Çayiralan
0%
Çi̇li̇mli̇
0%
Daday
0%
Dereci̇k
0%
Deri̇nkuyu
0%
Dodurga
0%
Doğankent
0%
Doğanyurt
0%
Durağan
0%
Eki̇nözü
0%
Eldi̇van
0%
Felahi̇ye
0%
Gevaş
0%
Gülşehi̇r
0%
Hacilar
0%
Hanönü
0%
Hasanbeyli̇
0%
Honaz
0%
İhsangazi̇
0%
İncesu
0%
Karahalli
0%
Karakoyunlu
0%
Ki̇li̇mli̇
0%
Kocaköy
0%
Kozakli
0%
Lâçi̇n
0%
Musabeyli̇
0%
Nurhak
0%
Özalp
0%
Özvatan
0%
Polateli̇
0%
Şabanözü
0%
Şaphane
0%
Saraydüzü
0%
Saraykent
0%
Sarayköy
0%
Sarioğlan
0%
Sariz
0%
Şenpazar
0%
Seri̇nhi̇sar
0%
Seydi̇ler
0%
Sulusaray
0%
Sumbas
0%
Ti̇llo
0%
Toprakkale
0%
Uğurludağ
0%
Uludere
0%
Ulukişla
0%
Yakakent
0%
Yaprakli
0%
Yeni̇fakili
0%
Yerköy
0%
No matching quizzes found
Score Distribution
Percent of People with Each Score
Percentile by Number Answered
Your Score History
You have not taken this quiz